000
00239nam a22001097a 4500
082
_a
668.4 RIC'I
100
_a
RICHARDSON, PAUL N
_9
74756
245
_a
INTRODUCTION TO EXTRUSION
260
_a
USA
_b
SPE
_c
1974
300
_a
96P
942
_c
BK
999
_c
580256
_d
580256